01693naa a22003497a 4500001001000000003000900010005001700019007000300036008003400039040005400073041000900127072002000136090001800156100001800174111010300192245013400295246012300429246011500552260004000667500015400707650001600861650002400877650001500901650002100916650001300937650002200950773015300972909003601125942001401161999001901175952014901194BR8400609BR-BrBNA20240918175417.0ta230509b bl.||||| |||| 00| 0 por d aBR-BrBNAbporcBiblioteca Nacional de Agricultura a(Pt) aF00b1540bG514 aF00 BR84006091 aMontagner, W.1 a1. Reuniao Tecnica Anual de Culturas Energeticas do IPAGROcPorto Alegre, RS (Brazil)d26 Apr 19831 aRendimento de raizes de mandioca em funcao de espacamento e densidade populacional [Manihot esculenta, Rio Grande do Sul, Brasil]1 a[The yield of cassava roots regarding populational spacing and density [Manihot esculenta, Rio Grande do Sul, Brazil]]1 a[Energetic crops (sunflower, rape, cassava, saccharine sorghum, sugar beetroot)]bExperimental results 1982/833 aPorto Alegre, RS (Brasil): c1983.  aCulturas energeticas (girassol, colza, mandioca, sorgo sacarino, beterraba acucareira) Porto Alegre, RS (Brasil): 1983. p. 143-145 (BR8400609-AM)F00  aESPACAMENTO aPOPULACAO DE PLANTA aRENDIMENTO aRAIZ ALIMENTICIA aMANDIOCA aRIO GRANDE DO SUL0 tCulturas energeticas (girassol, colza, mandioca, sorgo sacarino, beterraba acucareira)bwF00 BR8400609gPorto Alegre, RS (Brasil), 1983. p. 143-145 a202404bLuciac55dLucia Elande cAM2AGRIS c316573d316573 002AGRIS40708Acervo Gerala41918b41918cAgrobasel0o0337 BR8400587r2024-05-20t01yAM10d2024-04-11ePortaria Interministerial nÂș 164/94